<?xml version="1.0" encoding="UTF-8"?>
<collection xmlns="http://www.loc.gov/MARC21/slim">
 <record>
  <leader>00996nam a2200241 a 4500</leader>
  <controlfield tag="001">12835239</controlfield>
  <controlfield tag="008">100929r20082003maua     b    001 0 eng d</controlfield>
  <datafield tag="010" ind1=" " ind2=" ">
   <subfield code="a">  2002026262</subfield>
  </datafield>
  <datafield tag="020" ind1=" " ind2=" ">
   <subfield code="a">0201741288 (pbk.)</subfield>
  </datafield>
  <datafield tag="020" ind1=" " ind2=" ">
   <subfield code="a">9788131715123</subfield>
  </datafield>
  <datafield tag="040" ind1=" " ind2=" ">
   <subfield code="a">DLC</subfield>
   <subfield code="c">DLC</subfield>
   <subfield code="d">DLC</subfield>
   <subfield code="d">BD-DhAAL</subfield>
  </datafield>
  <datafield tag="082" ind1="0" ind2="0">
   <subfield code="a">006.3</subfield>
   <subfield code="2">21</subfield>
  </datafield>
  <datafield tag="100" ind1="1" ind2=" ">
   <subfield code="a">Roiger, Richard.</subfield>
  </datafield>
  <datafield tag="245" ind1="1" ind2="0">
   <subfield code="a">Data mining :</subfield>
   <subfield code="b">a tutorial-based primer /</subfield>
   <subfield code="c">Richard J.  Roiger, Michael W. Geatz.</subfield>
  </datafield>
  <datafield tag="260" ind1=" " ind2=" ">
   <subfield code="a">Boston :</subfield>
   <subfield code="b">Addison Wesley, ;</subfield>
   <subfield code="a">New Delhi :</subfield>
   <subfield code="b">Pearson Education</subfield>
   <subfield code="c">c2003.[Reprinted 2008]</subfield>
  </datafield>
  <datafield tag="300" ind1=" " ind2=" ">
   <subfield code="a">1 v. (various pagings) :</subfield>
   <subfield code="b">ill. ;</subfield>
   <subfield code="c">24 cm. +</subfield>
   <subfield code="e">1 CD-ROM (4 3/4 in.)</subfield>
  </datafield>
  <datafield tag="504" ind1=" " ind2=" ">
   <subfield code="a">Includes bibliographical references (p. Bib/1-Bib/5) and index.</subfield>
  </datafield>
  <datafield tag="541" ind1="1" ind2=" ">
   <subfield code="e">00021133</subfield>
  </datafield>
  <datafield tag="650" ind1=" " ind2="0">
   <subfield code="a">Data mining.</subfield>
  </datafield>
  <datafield tag="700" ind1="1" ind2=" ">
   <subfield code="a">Geatz, Michael.</subfield>
  </datafield>
  <datafield tag="852" ind1="4" ind2=" ">
   <subfield code="a">Ayesha Abed Library</subfield>
   <subfield code="j">General shelf</subfield>
  </datafield>
  <datafield tag="999" ind1=" " ind2=" ">
   <subfield code="c">9607</subfield>
   <subfield code="d">9607</subfield>
  </datafield>
  <datafield tag="952" ind1=" " ind2=" ">
   <subfield code="0">0</subfield>
   <subfield code="1">0</subfield>
   <subfield code="2">ddc</subfield>
   <subfield code="4">0</subfield>
   <subfield code="6">006_300000000000000_ROI_2009</subfield>
   <subfield code="7">0</subfield>
   <subfield code="9">12226</subfield>
   <subfield code="a">BRACUL</subfield>
   <subfield code="b">BRACUL</subfield>
   <subfield code="c">GEN</subfield>
   <subfield code="d">2010-09-30</subfield>
   <subfield code="g">367.50</subfield>
   <subfield code="l">8</subfield>
   <subfield code="m">86</subfield>
   <subfield code="o">006.3 ROI</subfield>
   <subfield code="p">3010021133</subfield>
   <subfield code="r">2025-12-22</subfield>
   <subfield code="s">2025-10-26</subfield>
   <subfield code="t">1</subfield>
   <subfield code="w">2010-09-30</subfield>
   <subfield code="y">BK</subfield>
  </datafield>
 </record>
</collection>
